<?xml version="1.0" encoding="UTF-8"?>
<marc:record xmlns:marc="http://www.loc.gov/MARC21/slim">
   <marc:leader>00000nam a2200000 a 4500</marc:leader>
   <marc:datafield ind1="1" ind2=" " tag="100">
      <marc:subfield code="a">Schimmer, Helga</marc:subfield>
      <marc:subfield code="4">aut</marc:subfield>
      <marc:subfield code="e">Verfasser/-in</marc:subfield>
   </marc:datafield>
   <marc:datafield ind1=" " ind2=" " tag="653">
      <marc:subfield code="a">Kriminalfall</marc:subfield>
   </marc:datafield>
   <marc:datafield ind1=" " ind2=" " tag="653">
      <marc:subfield code="a">Mord</marc:subfield>
   </marc:datafield>
   <marc:datafield ind1=" " ind2=" " tag="653">
      <marc:subfield code="a">Softcover</marc:subfield>
   </marc:datafield>
   <marc:datafield ind1=" " ind2=" " tag="653">
      <marc:subfield code="a">Karte</marc:subfield>
   </marc:datafield>
   <marc:datafield ind1=" " ind2=" " tag="653">
      <marc:subfield code="a">Jugendbuch / Sachbuch / Mensch</marc:subfield>
   </marc:datafield>
   <marc:datafield ind1="0" ind2="0" tag="245">
      <marc:subfield code="a">Gelegenheit macht Mörder</marc:subfield>
   </marc:datafield>
   <marc:datafield ind1="0" ind2="0" tag="245">
      <marc:subfield code="b">authentische Kriminalfälle</marc:subfield>
   </marc:datafield>
   <marc:datafield ind1="0" ind2="0" tag="245">
      <marc:subfield code="c">Helga Schimmer</marc:subfield>
   </marc:datafield>
   <marc:datafield ind1=" " ind2="1" tag="264">
      <marc:subfield code="a">Leipzig</marc:subfield>
      <marc:subfield code="b">Militzke</marc:subfield>
      <marc:subfield code="c">2005</marc:subfield>
   </marc:datafield>
   <marc:datafield ind1="1" ind2=" " tag="520">
      <marc:subfield code="a">Angaben aus der Verlagsmeldung

Gelegenheit macht Mörder : Authentische Kriminalfälle / von Helga Schimmer

September 1988: Eine stark verweste männliche Leiche wird an einem Ackerrand gefunden. Wochenlang tappen die Ermittler im Dunkeln, bis sich der entscheidende Hinweis aus der Obduktion ergibt. Im Darm des Mannes wird ein ca. ein Zentimeter großer Zettel mit den Buchstaben „SPOŁ“ gefunden. Ferner glückt Tatortbeamten die Abnahme zweier Fingerabdrücke von der hochgradig verfaulten Leiche. Ein Puzzle, das den Kriminalisten jedoch den Weg zur Lösung des Falls weist ... Wann immer im Land ein Mord passiert oder das Ableben eines Menschen unerklärlich ist, rücken die Männer der Tatortgruppe aus, um jeden Winkel mit ihren Spezialgeräten auszuleuchten, Türen, Möbel und Lichtschalter mit Kohlestaub zu bepinseln, Fasern und Haare auf Klebebändern zu sichern. Die Kriminalbeamten verhören die Frau, die ihren Ehegatten erschossen, den Mann, der ein Kind erwürgt, die Mutter, die ihr Neugeborenes erstickt, den Sohn, der seine Eltern erstochen hat. Der Vernehmungsspezialist zeichnet sich durch eine besondere Merkfähigkeit und eine für „Normalbürger“ mitunter schwer nachvollziehbare Logik aus. Die ungewöhnlichen Fälle aus Deutschland und Österreich werden durch markante Dialog-Ausschnitte spannend erzählt und mit Originalfotos dokumentiert.
</marc:subfield>
   </marc:datafield>
   <marc:datafield ind1=" " ind2=" " tag="020">
      <marc:subfield code="a">9783861897439</marc:subfield>
      <marc:subfield code="9">9783861897439</marc:subfield>
   </marc:datafield>
   <marc:datafield ind1=" " ind2=" " tag="020">
      <marc:subfield code="a">3861897431</marc:subfield>
      <marc:subfield code="9">3861897431</marc:subfield>
   </marc:datafield>
   <marc:datafield ind1=" " ind2=" " tag="041">
      <marc:subfield code="a">ger</marc:subfield>
   </marc:datafield>
   <marc:datafield ind1=" " ind2=" " tag="300">
      <marc:subfield code="a">189 S.</marc:subfield>
   </marc:datafield>
</marc:record>
